000 00512nam a22001937a 4500
005 20260530154919.0
008 260530b |||||||| |||| 00| 0 eng d
020 _a9783110670653
_c2640.71
040 _aMAIN
041 _aGerman
082 _a111.85
_bTHE
100 _aEusterschulte, Anne (ed)
_926956
245 _aTheodor W. Adorno Ästhetische Theorie
260 _aBerlin
_bDe Gruyter
_c2021
300 _a304
650 _aGerman Language
700 _a Trankle, Sebastian (ed)
_926957
942 _cBK
999 _c60933
_d60933